Varsinais-Suomen naapurikunnat - Statistics

Yleistilastot
  • Tätä visaa on pelattu 20 kertaa
  • Keskiarvotulos 6 / 13
Vastaustilastot
Kunta % Oikein
Lohja
87%
Rauma
73%
Raasepori
67%
Eura
60%
Huittinen
60%
Säkylä
60%
Hanko
53%
Humppila
40%
Punkalaidun
40%
Ypäjä
40%
Jokioinen
33%
Tammela
27%
Kökar
0%
Ehtoja vastaavia visoja ei löytynyt
Tulosjakauma
Jokaisen tuloksen saaneiden osuus
Persentiili vastausten määrän mukaan
Tuloshistoriasi
Et ole pelannut tätä visaa